000 00786nam a2200253Ia 4500
003 OSt
005 20220918170629.0
006 a|||||r|||| 00| 0
007 ta
008 220917b |||||||| |||| 00| 0 eng d
020 _a9780415480383 (hbk)
_c6913
024 _a242,597
037 _b29846, 15/06/2010, Segment Book Distributors
_cTextual
040 _aARTS
_cARTS
_beng
041 _2eng
_aeng
082 _aX0aW.6.N, Q0(906)
100 _aPadayachee Vishnu Ed.
_913353
245 0 _aPolitical economy of Africa
260 _aLondon
_bRoutledge UK
_c2010
300 _axviii,435p.
_ccm.
650 _aECONOMICS
942 _hX0aW.6.N, Q0(906)
_cTEXL
_2CC
999 _c134993
_d134993